01160nam a22003377a 4500001001000000003000900010005001700019007000300036008003400039040005400073041001000127072005600137090001900193110010300212245013200315260004000447300001000487500001900497650001000516650001300526650001000539650000900549650001000558650001000568650002200578650001000600909003600610942000700646999001700653952015200670BR8900121BR-BrBNA20230928093121.0ta230509b bl.||||| |||| 00| 0 por d aBR-BrBNAbporcBiblioteca Nacional de Agricultura a(Por) aE16; F01b0140b0337b0120b0336b0170b0180b/G514  0140 BR89001211 aFederacao das Cooperativas de Trigo e Soja do Rio Grande do Sul Ltda., Porto Alegre (Brasil)946251 aCusto de producao. Lavouras mecanizadas. Previsao safra 1988/89: Aveia, girassol, milho, soja, sorgo. Revisao safra 1988: trigo3 aPorto Alegre, RS (Brasil): c1988.  a23 p. aNumerical data aAVEIA aGIRASSOL aMILHO aSOJA aSORGO aTRIGO aCUSTO DE PRODUCAO aSAFRA a202309bLuciac55dLucia Elande cBK c43089d43089 002AGRIS40708AGROBASEa41918b41918l0o 0140 BR8900121p0140 BR8900121r2023-09-25t01yBK10d2023-09-25ePortaria Interministerial nÂș 164/94